| 000 | 00403nam a22001697a 4500 | ||
|---|---|---|---|
| 003 | SGT | ||
| 020 | _a97893566961708 | ||
| 082 |
_a615.53 _bS23C |
||
| 100 | _aCHOUBEY SURESH | ||
| 245 | _aSTANATAKOTHER AYURVEDA DIGDARSAN | ||
| 250 | _a5th | ||
| 260 |
_aNEW DELHI _bJAYPEE BROTHER _c2023 |
||
| 300 | _a1097 | ||
| 650 | _aSTANATAKOTHER, AYURVEDA, DIGDARSAN | ||
| 653 | _a DIGDARSAN, | ||
| 942 |
_2ddc _cBK |
||
| 999 |
_c23868 _d23868 |
||